[Event "Vasteras Open 2018"]
[Site "Vasteras"]
[Date "2018.09.28"]
[Round "4"]
[White "Ask, Josef"]
[Black "Malmstig, Erik"]
[Result "1-0"]
[WhiteElo "2141"]
[BlackElo "2309"]
[Annotator "TA"]
[PlyCount "87"]
[EventDate "2018.09.28"]
[EventCountry "SWE"]
[SourceTitle "playchess.com"]
[Source "ChessBase"]
[SourceQuality "1"]

{[%evp 14,87,43,52,153,161,139,114,112,97,159,89,99,65,64,14,12,9,22,-43,-12,-16,-3,-20,-12,-131,-120,-121,-114,-141,-141,-136,-123,-140,-66,-77,-54,-47,-31,-21,-12,-60,-42,-59,-18,-97,-91,-101,-91,-114,-83,-90,-31,-38,-15,-18,-12,-12,-15,-69,-23,-27,-27,-85,-83,-82,0,0,0,0,0,2,29988,29989,29998,29999]} 1. e4 e5 2. Nf3 Nc6 3. Bb5 a6 4. Ba4 Bc5 5. c3 {[%cal Bc2c3,Bc3d4,Bd4d5][%mdl 32]} b5 6. Bb3 Nf6 7. O-O Bb6 8. d4 {LiveBook: 12 Games. C78: Ruy Lopez: Archangelsk and Möller Defences} exd4 (8... d6 $14) 9. e5 $16 Ng8 10. cxd4 {White is clearly better.} d5 11. exd6 Qxd6 12. Re1+ $146 (12. a4 $142) ({Predecessor:} 12. Ng5 Nh6 13. Re1+ Kf8 14. Nc3 Bg4 15. Qc2 Rd8 16. Be3 Nxd4 17. Bxd4 Bxd4 18. Nce4 Qb6 19. Rac1 c5 20. Nxc5 Bf5 21. Nce4 Ng4 22. Qc7 {1-0 (22) Bulski,K (2392)-Nielsen,J (2115) Helsingor 2009}) 12... Nge7 13. Nc3 O-O $1 14. d5 (14. Ne4 $5 {[%cal Re4d6]} Qd8 15. Neg5 $14) 14... Na5 15. Bc2 Bf5 16. Ne4 (16. Bxf5 $1 $11 Nxf5 17. Ne4) 16... Bxe4 17. Bxe4 f5 18. Bc2 {Black must now prevent Re6.} Nxd5 {[%cal Be7d5,Bd5b4,Bb4d3][%mdl 32]} 19. Nd4 (19. Bg5 $11) 19... Nb4 $17 20. Bb3+ Kh8 21. Ne6 {Strongly threatening Qxd6.} Nd3 22. Be3 Nxb3 23. axb3 Qxe6 ({Black should try} 23... Nxe1 $17 24. Nxf8 Bxe3 25. Qxd6 cxd6 26. fxe3 Nc2) 24. Qxd3 $15 {White wants to play Bc5!} Rad8 25. Qc3 {Hoping for Bc5.} Bxe3 26. Rxe3 Qd6 27. h3 f4 28. Rf3 c5 29. Rc1 (29. Re1 $1 $11 {keeps the balance.}) 29... Rf5 $17 30. Qc2 Rd5 31. Kh2 h6 32. Qe4 Rd4 (32... g5 $17 33. Rfc3 Kg7) 33. Qf5 $15 c4 34. bxc4 bxc4 35. Re1 Rf8 36. Qg4 (36. Qc2 $11) 36... Rd5 37. Re6 Qb8 38. Rg6 (38. Qg6 $11 {remains equal.}) 38... Qxb2 $17 39. Qe6 {[#]} Qb5 (39... Rd1 $1 $17 {...Qb1 is the strong threat.} 40. Ra3 f3 41. Rxa6 Qc1) 40. Qe7 $11 {[%csl Gg6][%cal Re7g7]} Rg8 41. Rxf4 $40 {[%mdl 128] Black needs to defend precisely.} Qb8 42. g3 c3 $2 {[%mdl 8192]} (42... Qe8 $11 43. Qxe8 Rxe8) 43. Rf7 Qe5 {[#]} 44. Rxh6+ $1 {[%mdl 512] Precision: White = 51%, Black = 38%.} 1-0

[Event "Vasteras Open 2018"]
[Site "Vasteras"]
[Date "2018.09.28"]
[Round "4"]
[White "Torngren, Gustav"]
[Black "Seo, Jung Min"]
[Result "0-1"]
[WhiteElo "2107"]
[BlackElo "2360"]
[Annotator "TA"]
[PlyCount "102"]
[EventDate "2018.09.28"]
[EventCountry "SWE"]
[SourceTitle "playchess.com"]
[Source "ChessBase"]
[SourceQuality "1"]

{[%evp 16,102,11,3,0,13,37,7,35,0,20,0,88,10,37,31,31,29,34,20,28,27,60,12,141,140,177,194,187,67,75,17,22,22,21,0,0,0,0,0,2,-59,0,0,17,0,0,-7,-13,-60,-50,-77,-75,-109,-91,-170,-161,-163,-162,-147,-137,-157,-133,-170,-164,-160,-154,-175,-127,-150,-150,-179,-163,-189,-22,-430,-430,-430,-430,-430,-250,-250,-250,-661,-531,-1002,-789,-581,-555]} 1. d4 Nf6 2. c4 g6 3. Nc3 d5 4. cxd5 Nxd5 5. Bd2 Bg7 6. e4 Nxc3 7. Bxc3 O-O 8. Bc4 c5 {D85: Exchange Grünfeld: Unusual White 7th moves and lines with 7 Nf3} 9. d5 {LiveBook: 24 Games} Bxc3+ 10. bxc3 Qa5 {The position is equal.} (10... Qd6 11. Nf3 Bg4 12. e5 Qc7 13. O-O Bxf3 14. Qxf3 Qxe5 15. Rab1 Nd7 16. Rfe1 Qd6 17. Rxb7 Rfb8 18. Rb3 Ne5 19. Qe4 Nxc4 20. Qxc4 Rxb3 21. axb3 Rd8 {½-½ (21) Grachev,B (2653)-Vachier Lagrave,M (2730) Moscow 2010}) 11. Ne2 b5 12. Bd3 $146 ({Predecessor:} 12. Bb3 c4 13. Bc2 e6 14. O-O Rd8 15. a4 exd5 16. exd5 bxa4 17. Rxa4 {0-1 (72) Gupta,A (2551)-Safarli,E (2527) Gaziantep 2008}) 12... Nd7 13. O-O Ba6 (13... Rb8 $11 {remains equal.}) 14. f4 (14. a4 $16 {axb5 is the strong threat.} b4 15. cxb4 cxb4 16. Nd4) 14... c4 15. Bc2 b4 16. Qd4 bxc3 17. Rf3 Qc5 18. Rxc3 Rac8 19. Kf2 e5 (19... Qa5 $11) 20. Qxc5 $16 Nxc5 21. fxe5 Rfe8 22. Nd4 (22. Ke3 $18) 22... Rxe5 $14 23. Nc6 ({White should play} 23. Re1 $16) 23... Nxe4+ $11 ({Don't play} 23... Rxe4 $6 24. Ra3 $16) 24. Bxe4 Rxe4 25. Rd1 Bb7 26. Na5 Ba8 27. d6 $1 Kf8 $132 {[%mdl 2048] [#] Black puts up resistance} 28. Rxc4 (28. Nxc4 $1 $11 {[%mdl 512]} Rd8 (28... Rcxc4 29. Rxc4) 29. Ne3) 28... Rexc4 (28... Rcxc4 $15 29. Nxc4 Ke8 30. d7+ Kd8) 29. Nxc4 {[%mdl 4096] Endgame KRB-KRN} Rd8 30. Rd4 f6 31. g3 Kf7 32. Ke3 Ke6 33. Rh4 Bd5 34. Kd4 h5 35. a4 (35. Ke3 $17 {keeps fighting.}) 35... Bxc4 $1 $19 36. Kxc4 Rxd6 {KR-KR} 37. Re4+ Kd7 38. Kc5 Rc6+ 39. Kb5 Rb6+ 40. Kc5 Rb2 41. Rd4+ Kc7 42. Rf4 f5 ({Don't take} 42... Rxh2 43. Rxf6 Rc2+ 44. Kb5 $15) 43. Rh4 a5 44. Kd5 {[#]} Kb6 $2 (44... Kd7 $1 $19 {Threatens to win with ...Rc2.} 45. Ke5 Ke7) 45. Rc4 $2 {[%mdl 8192]} (45. Ke5 $11) 45... Rd2+ 46. Ke5 Rxh2 47. Kf6 Rg2 (47... Rb2 $142 48. Kxg6 Rb4) 48. Kxg6 Rxg3+ 49. Kxf5 $2 {[#]} (49. Kxh5 Rb3 50. Rc1) 49... Rb3 $1 {[%cal Rb3b4] Black is clearly winning.} 50. Kg5 Rb4 51. Rc8 h4 {Precision: White = 27%, Black = 52%.} 0-1

[Event "Vasteras Open 2018"]
[Site "Vasteras"]
[Date "2018.09.29"]
[Round "5"]
[White "Solodovnichenko, Yuri"]
[Black "Lindberg, Bengt"]
[Result "1-0"]
[WhiteElo "2554"]
[BlackElo "2406"]
[Annotator "TA"]
[PlyCount "79"]
[EventDate "2018.09.28"]
[EventCountry "SWE"]
[SourceTitle "playchess.com"]
[Source "ChessBase"]
[SourceQuality "1"]

{[%evp 20,79,21,20,45,45,43,27,54,59,364,368,371,385,368,366,316,328,281,264,546,535,543,543,537,539,792,734,809,702,644,0,810,810,812,810,805,805,787,468,392,765,781,776,994,725,836,818,838,774,981,856,1235,1182,1250,1231,29976,29977,29974,29975,29988,29989]} 1. e4 c5 2. Nf3 e6 3. d4 cxd4 4. Nxd4 Nc6 5. Nc3 Qc7 6. Be3 a6 7. a3 Nf6 8. f4 d5 {B48: Sizilianisch (Paulsen-Variante)} (8... d6 9. Qf3 Nxd4 10. Bxd4 b5 11. Bd3 Bb7 12. Bxf6 gxf6 13. f5 Be7 14. O-O Qc5+ 15. Kh1 h5 16. fxe6 fxe6 17. a4 {1-0 (32) Grischuk,A (2783)-Cori Tello,J (2641) Tbilisi 2017}) 9. e5 Nd7 10. Qd2 Nxd4 11. Bxd4 {LiveBook: 3 Partien} Be7 12. Bd3 $146 ({Vorgänger:} 12. b4 O-O 13. Bd3 Bh4+ 14. g3 Be7 15. Qe2 f5 16. g4 Nb6 17. Rg1 g6 18. gxf5 exf5 19. Qh5 Rf7 20. e6 Bxe6 21. Rxg6+ hxg6 22. Qh8# {1-0 (22) Henry,G-Benier,A Amiens 2001}) 12... O-O 13. O-O f6 14. Qe3 fxe5 $2 {[%mdl 8192] [#]} ({Günstiger ist} 14... Bc5 $14) 15. Qh3 $1 $18 ({Weniger gut wäre} 15. fxe5 g6 $16) 15... Nf6 16. fxe5 Ne4 17. Nxe4 dxe4 18. Bxe4 {[%csl Ge4][%cal Rh3h7]} g6 19. Qh6 Bc5 $2 (19... Qd8 20. Rxf8+ Bxf8) 20. Kh1 Bd7 21. Bxc5 Qxc5 {[#]} 22. Bxg6 $1 {[%mdl 512]} hxg6 23. Qxg6+ Kh8 24. Qh5+ Kg8 25. Qg6+ $40 {[%mdl 128] Weiss startet einen Angriff.} Kh8 26. Rf3 Rxf3 27. gxf3 {[%cal Bg2f3,Bf3f4][%mdl 32]} Rf8 28. Qh5+ Kg7 29. Rg1+ Qxg1+ 30. Kxg1 {[%mdl 4096] Endspiel KD-KTL} Rf5 31. Qg4+ Kf7 32. f4 Kf8 33. Kf2 Rf7 34. Qg5 Bc6 35. Ke3 Rf5 36. Qd8+ Kf7 37. h4 {[%cal Bh2h4,Bh4h5,Bh5h6][%mdl 32]} Bd5 {[#]} 38. c4 $1 {Weiß setzt Matt.} Bc6 {[#]} (38... Bxc4 39. Qc7+) 39. h5 $1 Be8 (39... Rxh5 40. Qf6+) 40. h6 {Precision: Weiß = 85%, Schwarz = 23%.} 1-0

[Event "Vasteras Open 2018"]
[Site "Vasteras"]
[Date "2018.09.29"]
[Round "5"]
[White "Solodovnichenko, Yuri"]
[Black "Lindberg, Bengt"]
[Result "*"]
[WhiteElo "2554"]
[BlackElo "2406"]
[Annotator "TA"]
[PlyCount "39"]
[EventDate "2018.09.28"]
[EventCountry "SWE"]
[SourceTitle "playchess.com"]
[Source "ChessBase"]
[SourceQuality "1"]

{[%evp 18,19,26,20]} 1. e4 c5 2. Nf3 e6 3. d4 cxd4 4. Nxd4 Nc6 5. Nc3 Qc7 6. Be3 a6 7. a3 Nf6 8. f4 d5 {B48: Sicilian: Taimanov: 5 Nc3 Qc7 6 Be3 a6 without Be2} (8... d6 9. Qf3 Nxd4 10. Bxd4 b5 11. Bd3 Bb7 12. Bxf6 gxf6 13. f5 Be7 14. O-O Qc5+ 15. Kh1 h5 16. fxe6 fxe6 17. a4 {1-0 (32) Grischuk,A (2783)-Cori Tello,J (2641) Tbilisi 2017}) 9. e5 Nd7 10. Qd2 {LiveBook: 7 Games} {Predecessor:} Na5 $146 11. Bd3 Nc4 12. Bxc4 Qxc4 13. Nce2 Qc7 14. O-O g6 15. Nc1 b6 16. Nd3 Bb7 17. a4 Nc5 18. a5 Ne4 19. Qe1 Bc5 20. axb6 {½-½ (20) Riff,J (2508)-Krejci,J (2551) Germany 2017} *

[Event "Vasteras Open 2018"]
[Site "Vasteras"]
[Date "2018.09.29"]
[Round "5"]
[White "Miezis, Normunds"]
[Black "Ask, Josef"]
[Result "1-0"]
[WhiteElo "2470"]
[BlackElo "2141"]
[Annotator "TA"]
[PlyCount "139"]
[EventDate "2018.09.28"]
[EventCountry "SWE"]
[SourceTitle "playchess.com"]
[Source "ChessBase"]
[SourceQuality "1"]

{[%evp 15,139,10,33,11,32,30,48,26,26,20,35,44,55,51,57,68,55,48,124,111,118,34,34,31,25,26,17,13,17,9,28,32,33,38,38,7,97,105,239,237,356,32,44,0,89,93,94,88,70,49,70,69,88,74,80,26,87,41,35,25,30,27,30,21,45,50,50,52,68,45,143,143,143,143,195,195,366,366,342,227,227,219,219,197,197,189,189,189,189,122,183,183,297,295,294,273,277,189,256,189,189,189,189,175,597,550,477,470,615,602,602,0,520,391,512,583,539,577,564,539,513,472,402,385,29994,29995]} 1. c4 e5 2. Nc3 Nf6 3. g3 Nc6 4. Bg2 Bc5 5. e3 a6 6. Nge2 {A25: English Opening vs King's Indian with ...Nc6 but without early d3} d6 7. h3 (7. d4 exd4 8. exd4 Ba7 9. O-O h6 10. h3 O-O 11. Be3 Ne7 12. g4 Ng6 13. Ng3 Re8 {0-1 (24) Matlakov,M (2689)-Vitiugov,N (2725) Berlin 2015}) 7... O-O 8. O-O Ba7 {LiveBook: 12 Games} 9. Kh2 h6 10. b3 Ne7 $146 ({Predecessor:} 10... Bf5 11. d3 Qd7 12. e4 Bh7 13. f4 exf4 14. gxf4 {0-1 (61) Bezold,M (2509)-Grigoriants,S (2603) Berlin 2015}) 11. Bb2 c6 12. d4 exd4 13. Nxd4 d5 14. cxd5 Nexd5 15. Nxd5 Nxd5 16. Rc1 c5 (16... Nf6 $14) 17. Nc2 $16 Be6 18. e4 (18. Qd2 $16) 18... Nb4 $14 19. Nxb4 cxb4 20. Qh5 Qg5 21. Qe2 Qa5 22. Ba1 $40 {[%mdl 128] White is up to no good.} Rac8 23. f4 Rxc1 24. Rxc1 Rc8 25. Rf1 Bd7 (25... Qb6 $11 {keeps the balance.}) 26. Rd1 $16 Qb5 (26... Qc7 $16 {was necessary.}) 27. Qb2 $1 $18 {[%csl Ga1][%cal Rb2g7]} f6 (27... Rc3 {might work better.} 28. Qd2 Be3 29. Qxd7 Qxd7 30. Rxd7 Rc1 31. Rd8+ (31. Rxb7 Bg1+ 32. Kh1 Bc5+ 33. Kh2 Bg1+ 34. Kh1 Bc5+ 35. Kh2 Bg1+ $11) 31... Kh7) 28. Qd2 $2 (28. e5 $18 Rc3 29. Qd2) 28... Bc6 $14 29. h4 Qc5 (29... Bb6 $11) 30. Qe2 Qf2 31. Qxf2 Bxf2 32. Bh3 Re8 33. e5 $1 fxe5 34. Bxe5 Bb6 35. Rd6 (35. Bg2 $16) 35... Rd8 (35... Re7 $11) 36. Be6+ Kh8 37. Bf5 {aiming for Rg6.} (37. g4 {is more complex.} Rxd6 38. Bxd6 a5 39. h5 Be4 40. Bf5) 37... Rxd6 38. Bxd6 $11 {[%mdl 4096] Endgame KBB-KBB} a5 39. g4 Bd4 40. Kg3 Bd5 41. g5 Bc3 42. Kf2 hxg5 (42... Kg8 $14) 43. hxg5 $16 {[%cal Bh4g5,Bg5g6][%mdl 32]} Kg8 44. g6 $1 Bd4+ (44... a4 $16) 45. Ke2 $18 Bg1 $2 (45... a4 46. bxa4 Bc3) 46. Kd3 $1 Bg2 47. Be4 Bf1+ 48. Kc2 b6 49. Bd5+ Kh8 50. Be5 Bc5 51. f5 {f6 is the strong threat.} Be7 52. Bd4 (52. Bc7 $18) 52... Bd8 (52... Bh3 $16) 53. Be6 Bg2 (53... b5 {keeps fighting.} 54. Be5 Be2) 54. Kd3 Bf1+ 55. Ke3 Bg2 56. Kf4 Bh1 (56... Bc6 {was worth a try.} 57. Bf7 Bg2) 57. Be5 Bc6 58. Ke3 Bg2 59. Kd4 Bh4 $2 (59... Bc6 {is more resistant.} 60. Bf4 Bf3) 60. Bc7 Bf2+ 61. Kc4 Be4 62. Be5 {Threatening mate with f6.} Bh4 63. Bc7 Bf2 64. Kb5 Bd3+ {[#]} 65. Kc6 $1 Be4+ 66. Kd7 Bd4 67. Bd8 Bb1 68. Ke8 Bxa2 {[#] If Black can now play ...Bb1 this consolidates a bit.} 69. f6 $1 {[%cal Rf6f7][%mdl 512] White threatens f7 and mate.} gxf6 $2 (69... Bb1 $18 70. f7 Bxg6) (69... Bxf6 70. Bxf6) 70. Kf7 {Precision: White = 59%, Black = 31%.} 1-0

[Event "Vasteras Open 2018"]
[Site "Vasteras"]
[Date "2018.09.29"]
[Round "5"]
[White "Johansson, Linus"]
[Black "Lundin, Jan"]
[Result "1-0"]
[WhiteElo "2461"]
[BlackElo "2288"]
[Annotator "TA"]
[PlyCount "53"]
[EventDate "2018.09.28"]
[EventCountry "SWE"]
[SourceTitle "playchess.com"]
[Source "ChessBase"]
[SourceQuality "1"]

{[%evp 26,53,30,13,95,70,66,80,122,133,127,122,122,69,195,195,202,208,190,205,250,241,291,294,368,375,371,363,1166,1154]} 1. d4 d5 2. c4 dxc4 3. e4 e5 4. Nf3 exd4 5. Bxc4 Nc6 6. O-O Be6 7. Bxe6 fxe6 8. Qb3 Qd7 9. Qxb7 Rb8 10. Qa6 Nf6 11. Nbd2 Bd6 {D20: Queen's Gambit Accepted: 3 e3 and 3 e4} (11... Bb4 12. Qd3 Bxd2 13. Bxd2 Rxb2 14. Rac1 O-O 15. Rc5 Rfb8 16. Rfc1 R8b6 17. h3 h6 18. a4 Ne8 19. Bc3 R2b3 {1-0 (48) Wojtaszek,R (2746)-Socko,B (2604) Czech Republic 2016}) 12. b3 O-O 13. Bb2 e5 14. Rfc1 {LiveBook: 14 Games. Hoping for Qc4+.} Ne7 {[#]} (14... Nb4 $11 15. Qc4+ Qf7) 15. Bxd4 $1 $16 {[%mdl 512]} exd4 16. e5 {[#]} Rb6 $146 ({Predecessor:} 16... Bxe5 17. Nxe5 Qf5 18. Ndf3 Nfd5 19. Qd3 {1-0 (37) Werle,J (2591)-Edouard,R (2508) Liverpool 2008}) 17. Qc4+ Nfd5 {And now ...Bb4 would win.} 18. exd6 Rxd6 19. Re1 (19. Ne4 $16 Rh6 20. Nxd4) 19... Kh8 {[#]} ({Black should try} 19... Ng6 $14) 20. Ne4 $1 $18 {[%cal Re4d6,Bd2e4,Be4g5,Bg5e6][%mdl 32]} ({Not} 20. Qxd4 Nf4 $11) 20... Nb6 21. Qd3 Rd5 {[#]} 22. Neg5 $1 {[%csl Gg5][%cal Rd3h7]} g6 23. Re4 $40 {[%mdl 128] White is out for blood.} h6 24. Ne6 Rf6 25. Rae1 Nc6 26. Nexd4 Rfd6 $2 (26... Kh7 27. Qe3 Nxd4) 27. Qe3 {Precision: White = 89%, Black = 23%.} 1-0

[Event "Vasteras Open 2018"]
[Site "Vasteras"]
[Date "2018.09.29"]
[Round "5"]
[White "Johansson, Linus"]
[Black "Lundin, Jan"]
[Result "*"]
[WhiteElo "2461"]
[BlackElo "2288"]
[Annotator "TA"]
[PlyCount "37"]
[EventDate "2018.09.28"]
[EventCountry "SWE"]
[SourceTitle "playchess.com"]
[Source "ChessBase"]
[SourceQuality "1"]

{[%evp 26,29,23,9,41,77]} 1. d4 d5 2. c4 dxc4 3. e4 e5 4. Nf3 exd4 5. Bxc4 Nc6 6. O-O Be6 7. Bxe6 fxe6 8. Qb3 Qd7 9. Qxb7 Rb8 10. Qa6 Nf6 11. Nbd2 Bd6 {D20: Queen's Gambit Accepted: 3 e3 and 3 e4} (11... Bb4 12. Qd3 Bxd2 13. Bxd2 Rxb2 14. Rac1 O-O 15. Rc5 Rfb8 16. Rfc1 R8b6 17. h3 h6 18. a4 Ne8 19. Bc3 R2b3 {1-0 (48) Wojtaszek,R (2746)-Socko,B (2604) Czech Republic 2016}) 12. b3 O-O 13. Bb2 e5 14. Rfc1 {LiveBook: 14 Games. Black must now prevent Qc4+.} Ne7 {[#]} 15. Bxd4 $1 {[%mdl 512] [#]} {Predecessor:} exd4 $146 16. e5 Bxe5 17. Nxe5 Qf5 18. Ndf3 Nfd5 19. Qd3 {1-0 (37) Werle,J (2591)-Edouard,R (2508) Liverpool 2008} *

[Event "Vasteras Open 2018"]
[Site "Vasteras"]
[Date "2018.09.29"]
[Round "5"]
[White "Krupenski, Juri"]
[Black "Solberg, Joachim"]
[Result "1-0"]
[WhiteElo "2402"]
[BlackElo "2190"]
[Annotator "TA"]
[PlyCount "83"]
[EventDate "2018.09.28"]
[EventCountry "SWE"]
[SourceTitle "playchess.com"]
[Source "ChessBase"]
[SourceQuality "1"]

{[%evp 12,83,56,59,83,80,89,73,80,81,69,70,95,90,103,103,107,96,119,103,136,97,91,90,114,107,123,127,145,122,145,145,147,145,153,150,146,88,169,146,157,143,165,132,235,153,219,204,192,185,295,285,268,245,245,155,201,201,217,196,202,155,232,243,240,239,235,235,238,239,441,428,553,560]} 1. e4 c5 2. Nf3 Nc6 3. Bb5 e6 4. Bxc6 bxc6 5. d3 d6 6. e5 {B30: Sicilian: 2...Nc6 3 Bb5, lines without ...g6} dxe5 (6... Ne7 7. exd6 Ng6 8. h4 h5 9. Bg5 f6 10. Qe2 Bxd6 11. Qe4 Ne7 12. Nbd2 fxg5 13. hxg5 e5 {0-1 (33) Lu,S (2514)-Yu,Y (2615) Beijing 2012}) 7. Nxe5 {LiveBook: 3 Games} Nf6 8. O-O {White is better.} Bd6 9. Re1 Qc7 10. Bf4 $146 ({Predecessor:} 10. Qe2 O-O 11. Nd2 Ba6 12. b3 Nd5 13. Ndf3 Rae8 {1-0 (41) Vyskocil,N (2260)-Capek,I (2105) Litomysl 1997}) 10... O-O 11. Bg3 Rb8 12. Nd2 Ba6 13. b3 Rfd8 14. Qf3 Rbc8 15. Ng4 Nd5 16. Ne4 Bxg3 17. Nxg3 Nb4 18. Qe2 Qf4 {and if ...Nxc2! works, Black does fine.} 19. Ne5 Nd5 20. Qh5 g6 21. Qf3 Qxf3 22. Nxf3 Nb4 23. Re2 Bb7 24. Ne4 (24. a3 $142 Na6 25. Rae1) 24... Na6 (24... c4 $16 {was worth a try.}) 25. h4 Kf8 26. g4 {[%cal Bg2g4,Bg4g5][%mdl 32]} Ke7 27. g5 h6 (27... c4 $16) 28. Kg2 Rd5 (28... hxg5 $16 {was called for.} 29. hxg5 Rh8) 29. Rh1 h5 30. Rhe1 c4 (30... Rf5 $142 31. Nfd2 Nb8) 31. dxc4 $18 ({Don't take} 31. bxc4 $6 Rf5 $18) 31... Ra5 32. a4 c5 33. Kg3 {Hoping for Rd2.} Nb4 34. Rd2 Bxe4 35. Rxe4 {Ne5 is the strong threat.} Nc6 36. Re1 Ra6 {[#]} (36... Rd8 $16 {keeps fighting.} 37. Rd5 Rxd5 38. cxd5 Nd4 39. dxe6 Nxe6) 37. Red1 $1 Rc7 {[#]} 38. Kf4 $1 Rb6 39. Ke4 Rb8 40. Ne5 Nd4 $2 {[#]} (40... Nxe5 41. Kxe5 Ra8) 41. b4 $1 {[%cal Bb3b4,Bb4b5][%mdl 544]} Nf5 (41... Rxb4 42. c3) 42. b5 {Precision: White = 71%, Black = 34%.} 1-0

[Event "Vasteras Open 2018"]
[Site "Vasteras"]
[Date "2018.09.29"]
[Round "5"]
[White "Akesson, Ralf"]
[Black "Rahul Kumar, Pune"]
[Result "0-1"]
[WhiteElo "2372"]
[BlackElo "2190"]
[Annotator "TA"]
[PlyCount "76"]
[EventDate "2018.09.28"]
[EventCountry "SWE"]
[SourceTitle "playchess.com"]
[Source "ChessBase"]
[SourceQuality "1"]

{[%evp 16,76,67,46,62,34,54,38,37,15,0,0,4,-7,-10,-13,0,-9,0,-7,-2,0,28,37,27,0,-3,-12,-8,-21,-20,-32,-33,-52,-11,-16,-22,-27,0,0,0,0,0,-14,-17,-61,-32,-92,-20,-37,-47,-272,-264,-430,-416,-416,-383,-468,-152,-713,-611,-951,-908]} 1. d4 g6 2. e4 Bg7 3. Nc3 d6 4. f4 c6 5. Be3 d5 (5... Qb6 6. a3 Nf6 7. Nf3 Bg4 8. Rb1 d5 9. e5 Ne4 10. Be2 Qa5 11. O-O Nxc3 12. bxc3 b5 13. Bd2 {½-½ (39) Cornette,D (2461)-Safarli,E (2657) Brest 2018}) 6. e5 {B06: Modern Defence} h5 7. Be2 Nh6 8. Nf3 Bg4 9. Qd2 {LiveBook: 8 Games} e6 10. O-O Nd7 11. Bf2 $146 ({Predecessor:} 11. Nd1 Nf5 12. Bf2 Bf8 13. Ne3 Bxf3 14. Bxf3 {½-½ (38) Obad,A (2074)-Arapovic,V (2347) Sarajevo 2015}) 11... Nf5 12. Ng5 Bxe2 13. Nxe2 Bf8 14. g3 Be7 15. Nf3 Kf8 16. h3 Kg7 17. Kg2 Nh6 18. b3 a5 19. c4 a4 20. Qd3 Qa5 21. cxd5 cxd5 22. bxa4 Qxa4 23. Rfb1 Rhb8 {[%cal Bh8b8,Bb8c8,Bc8c2][%mdl 32]} 24. Nc3 Qa3 25. Ne1 Rc8 26. Nb5 Qxd3 27. Nxd3 Rc2 28. a4 Rd2 29. Rb3 Nb6 30. Nb2 Rc8 $36 {[%mdl 2048] ...Rcc2 is the strong threat. Black has some pressure.} 31. Nd1 (31. Rd1 $1 $15 Rxd1 32. Nxd1) 31... Nxa4 (31... Rcc2 $17 {And now ...Nf5 would win.} 32. Nd6 Nxa4 $1 {[%mdl 512]}) 32. Rxa4 {Strongly threatening Nbc3.} Rxd1 33. Ra7 $2 ({Better is} 33. Rb2 $15) 33... Rc2 $19 34. Rxb7 $2 (34. Rc3 Rb2 35. Nd6) 34... Rdd2 $1 {[%cal Rd2f2]} 35. Rf3 Nf5 36. Kf1 {[#]} Rb2 $2 {[#]} (36... Bh4 $1 $19 {[%mdl 512] and Black stays clearly on top.} 37. gxh4 Rd1+ 38. Be1 Rcc1) 37. Rxe7 $2 (37. Nd6 $1 $17 {[%mdl 512]} Nxd6 (37... Bxd6 38. Rxb2) 38. Rxb2 Rxb2 39. exd6 Bxd6 40. Rc3) 37... Nxe7 38. Nd6 Nc6 {Precision: White = 29%, Black = 55%.} 0-1

[Event "Vasteras Open 2018"]
[Site "Vasteras"]
[Date "2018.09.29"]
[Round "5"]
[White "Akesson, Ralf"]
[Black "Rahul Kumar, Pune"]
[Result "*"]
[WhiteElo "2372"]
[BlackElo "2190"]
[Annotator "TA"]
[PlyCount "27"]
[EventDate "2018.09.28"]
[EventCountry "SWE"]
[SourceTitle "playchess.com"]
[Source "ChessBase"]
[SourceQuality "1"]

{[%evp 16,19,65,54,68,33]} 1. d4 g6 2. e4 Bg7 3. Nc3 d6 4. f4 c6 5. Be3 d5 (5... Qb6 6. a3 Nf6 7. Nf3 Bg4 8. Rb1 d5 9. e5 Ne4 10. Be2 Qa5 11. O-O Nxc3 12. bxc3 b5 13. Bd2 {½-½ (39) Cornette,D (2461)-Safarli,E (2657) Brest 2018}) 6. e5 {B06: Modern Defence} h5 7. Be2 Nh6 8. Nf3 Bg4 9. Qd2 {LiveBook: 8 Games} e6 10. O-O {Predecessor:} Nd7 $146 11. Nd1 Nf5 12. Bf2 Bf8 13. Ne3 Bxf3 14. Bxf3 {½-½ (38) Obad,A (2074)-Arapovic,V (2347) Sarajevo 2015} *